| 000 | 00369nam a2200145Ia 4500 | ||
|---|---|---|---|
| 008 | 230312s9999||||xx |||||||||||||| ||und|| | ||
| 020 | _a0-619-06491-9 | ||
| 082 |
_a658.0546 _bSTA-F |
||
| 100 | _aSheldon;Lee | ||
| 245 | 0 | _aCharacter Development and Story Telling | |
| 260 |
_bThomson _aAustralia _c2003 |
||
| 300 | _a404 | ||
| 650 |
_aComputer _vComputer |
||
| 942 | _cBK | ||
| 999 |
_c15442 _d15442 |
||